000 00522nam a2200181Ia 4500
001 14101
005 20260306164849.0
008 260306t2012||||xx |||||||||||||| ||spa||
041 _aESP
082 _a006.6
_bB17
100 _aBalanta Castilla, Nevis
_eAUT
245 0 _aLa lectura de hipertextos:
_bsu uso y su incidencia en la práctica comunicativa y lingüística en jóvenes universitarios
260 _c2012
300 _a83 páginas :
_c21 cm.
650 _aGEN
654 _aCCC
942 _cLIB
_dJUS
_fJUS
_2ddc
_n
999 _c14101
_d14101